000 00832cam a22002055a 4500
001 L156268
008 120510m18531855xxk f 000 0 eng d
035 _a(Sirsi) u156268
041 0 _aeng
100 1 _aWickes, Charles
245 0 0 _aIllustrations of the spires and towers of the mediaeval churches of England
_bpreceded by some observations on the architecture of the middle ages, and its spire-growth
260 _aLondon
_bJohn Weale...
_c1853-5
300 _a2 v.
_c57 cm.
505 2 _aVol. 1. Spires -- Vol. 2. Towers
520 _aVol. 1 published by Weale and by Ackermann, vol. 2 by William Mort and by Ackermann. A supplemental third vol. is mentioned in some records.
583 0 _aCondition reviewed
_c20120620
_lcondition level 3
651 4 _aEngland
_y886-
690 _aDesign and specification
942 _n0
999 _c114139
_d114139